000 01092nam a22003857a 4500
001 BR7310315
003 BR-BrBNA
005 20230928084202.0
007 ta
008 230509b bl.||||| |||| 00| 0 por d
040 _aBR-BrBNA
_bpor
_cBiblioteca Nacional de Agricultura
041 _a(Por)
072 _aL00; E10; E70
_b5213
_b4580
_b/G514
090 _ 5213 BR7310315
100 1 _aConceicao, A.D. da
100 1 _aCardoso, A.R.
100 1 _aIanni, A.
100 1 _aSturion, A.C.
100 1 _aBretas, D.E.
100 1 _aTironi Junior, J.
110 1 _aEscola Superior de Agricultura Luiz de Queiroz, Piracicaba, SP (Brasil)
245 1 _aGado de corte em Aracatuba [Sao Paulo, Brasil]
260 3 _aPiracicaba, SP (Brasil):
_c1973.
300 _a117 p.
500 _a9 illus.; 19 graphs; 37 tables; 13 ref.
650 _aGADO DE CORTE
650 _aINSTALACAO AGRICOLA
650 _aMERCADO
650 _aEXPORTACAO
650 _aEMPRESA AGRICOLA
650 _aCUSTO
650 _aPROJETO AGRICOLA
909 _a202309
_bLucia
_c55
_dLucia Elande
942 _cBK
999 _c17346
_d17346